Jornadas de Estudio de Ingeniería de Tráfico

Uloženo v:
Podrobná bibliografie
Hlavní autor: Gardeta Oliveros, Juan G (Autor)
Médium: Kniha
Jazyk:španělština
Vydáno: Madrid Colegio de Ingenieros de caminos, Canales y Puertos 1985
Témata:
Tagy: Přidat tag
Žádné tagy, Buďte první, kdo vytvoří štítek k tomuto záznamu!

MARC

LEADER 00000nam a2200000 a 4500
001 UCX8154
003 CL-VaPUC
005 20220315074410.0
008 940127e19850000sp 1 spa d
082 0 4 |a 625.7  |b GAR  |2 21 
100 |a Gardeta Oliveros, Juan G  |e author  |9 616923 
245 1 0 |a Jornadas de Estudio de Ingeniería de Tráfico 
260 |a Madrid  |b Colegio de Ingenieros de caminos, Canales y Puertos  |c 1985 
300 |a 378 p 
583 |a last modification  |c 19940127 00:00:00  |k Rodrigo Vera 
650 0 7 |a CAPACIDAD DE CARRETERAS  |2 CL-VaPUC  |9 260821 
650 0 0 |a Congresos  |9 257560 
650 0 0 |a Ingeniería de transporte  |9 260427 
942 |c BK 
945 |a mfernand  |d 19940127 00:00:00 
546 |a En Español 
518 |p Jornadas de Estudio de Ingenieria de Tráfico, Madrid, Espana, 1984 
999 |c 382190  |d 382188 
952 |0 0  |1 0  |4 0  |6 625_700000000000000_GAR_1985  |7 0  |8 A  |9 503761  |a BIBING  |b BIBING  |d 2020-01-23  |i 2960737  |o 625.7 GAR 1985  |p 2960737  |r 2025-01-20  |w 2020-01-23  |y BK  |k CCL